Basics of an integrated ecosystem service evaluation system for the Tisza river basin

The present study aims to lay the foundations of an ecosystem services evaluation system for land cover categories in the Tisza River Basin. Scientific data and international trends of international environmental policy indicate that evaluation of ecosystem services should play an increasing role in...

Teljes leírás

Elmentve itt :
Bibliográfiai részletek
Szerzők: Kiss Márton
Gere Csilla
Kiss Miklós
Dokumentumtípus: Cikk
Megjelent: 2013
Sorozat:Review on agriculture and rural development 2 No. 1
Kulcsszavak:Fajok megőrzése - természetvédelem, Környezetvédelem - ökológia, Tisza - ökológia, Árvízvédelmi tározó - Nagykörű, Árvíz elleni védekezés - tiszai
Tárgyszavak:
Online Access:http://acta.bibl.u-szeged.hu/55273
LEADER 02274nab a2200253 i 4500
001 acta55273
005 20240416152019.0
008 180616s2013 hu o 0|| eng d
022 |a 2063-4803 
040 |a SZTE Egyetemi Kiadványok Repozitórium  |b hun 
041 |a eng 
100 1 |a Kiss Márton 
245 1 0 |a Basics of an integrated ecosystem service evaluation system for the Tisza river basin  |h [elektronikus dokumentum] /  |c  Kiss Márton 
260 |c 2013 
300 |a 314-319 
490 0 |a Review on agriculture and rural development  |v 2 No. 1 
520 3 |a The present study aims to lay the foundations of an ecosystem services evaluation system for land cover categories in the Tisza River Basin. Scientific data and international trends of international environmental policy indicate that evaluation of ecosystem services should play an increasing role in strategic decisions on land use also in Hungary. A new protocol was used to calculate the profitability of the main agricultural subdomains in the study area. On the basis of the management data of the forestry district containing the smaller sample area (namely the site of the planned Nagykörű flood control reservoir), the wood production of the forests concerned was computed. The flood risk reduction potential of land use changes was calculated using former literature (flood models and the project materials of the reservoir), while inland excess water exposure was computed using Pálfai’s relevant spatial database. For the Nagykörű sample area, the land-cover-based economic values of the different ecosystem services were gathered into a matrix, and the economic values of the present and the potential land use were compared. The methods used were examined in terms of reliability and portability as well. 
650 4 |a Természettudományok 
650 4 |a Föld- és kapcsolódó környezettudományok 
650 4 |a Biológiai tudományok 
695 |a Fajok megőrzése - természetvédelem, Környezetvédelem - ökológia, Tisza - ökológia, Árvízvédelmi tározó - Nagykörű, Árvíz elleni védekezés - tiszai 
700 0 1 |a Gere Csilla  |e aut 
700 0 1 |a Kiss Miklós  |e aut 
856 4 0 |u http://acta.bibl.u-szeged.hu/55273/1/agricul_review_2013_001_suppl_314-319.pdf  |z Dokumentum-elérés